Szczegóły MARC21

Przewodnik do zajęć z piłki nożnej : (dla studentów wychowania fizycznego - kierunku nauczycielskiego) /

003 -Nazwa inst., której nr kontr. jest w polu 001 [,]
    • @
    • Nazwa instytucji, której n kontrolny jest w polu 001
    • NUKAT
005 -DATA I CZAS OSTATNIEJ MODYFIKACJI [,]
    • @
    • pole kontrolne
    • 20241231102928.0
040 -Instytucja sporządzająca opis [ , ]
    • a
    • Instytucja, która sporządziła opis (NP)
    • GD 88/JR
    • c
    • Instytucja, która sporządziła rekord (NP)
    • GD 88/JR
    • d
    • Instytucja, która zmodyfikowała rekord (P)
    • GD 88/JR
    • d
    • Instytucja, która zmodyfikowała rekord (P)
    • Ł U/MRs
942 -Rodzaj dokumentu [ , ]
    • c
    • Rodzaj dokumentu
    • Książka
100 -Hasło główne - nazwa osobowa [1, ]
    • a
    • Nazwa osobowa (NP)
    • Gołaszewski, Jerzy.
    • 9
    • KHW
    • 61508
245 -Strefa tytułu i oznaczenia odpowiedzialności [1,0]
    • a
    • Tytuł
    • Przewodnik do zajęć z piłki nożnej : Find
    • b
    • Ciąg dalszy tytułu (NP)
    • (dla studentów wychowania fizycznego - kierunku nauczycielskiego) / Find
    • c
    • Pozostałe elementy strefy tytułu i oznaczenia odpowiedzialności (NP)
    • Jerzy Gołaszewski.
260 -Strefa adresu wydawniczego [ , ]
    • a
    • Miejsce wydania (P)
    • Poznań :
    • b
    • Nazwa wydawcy (P)
    • Wydaw. AWF,
    • c
    • Data wydania (P)
    • 1993.
300 -Strefa opisu fizycznego [ , ]
    • a
    • Określenie formy książki i/lub objętość (NP)
    • 127 s. :
    • b
    • Oznaczenie ilustracji (NP)
    • il. ;
    • c
    • Format (NP)
    • 24 cm.
336 -Typ zawartości [ , ]
    • a
    • Termin opisujący typ zawartości
    • Tekst
    • b
    • Kod określający zawartość
    • txt
    • 2
    • Źródło (terminu i kodu)
    • rdacontent
337 -Typ mediów [ , ]
    • a
    • Tryb odtwarzania
    • Bez urządzenia pośredniczącego
    • b
    • Kod typu mediów
    • n
    • 2
    • Źródło (terminu i kodu)
    • rdamedia
338 -Typ/rodzaj nośnika [ , ]
    • a
    • Hasło opisujące typ nośnika
    • Wolumin
    • b
    • Kod typu nośnika
    • nc
    • 2
    • Źródło (terminu i kodu)
    • rdacarrier
490 -Strefa serii i książki wielotomowej - forma nie do wyszukiwania [1, ]
    • a
    • Tytuł (P)
    • Skrypty / Akademia Wychowania Fizycznego im. Eugeniusza Piaseckiego w Poznaniu, Find
    • x
    • ISSN (NP)
    • 0137-9755 ;
    • v
    • Numeracja (P)
    • nr 98
830 -Hasło dodatkowe serii i opisu książki wielotomowej - tytuł ujednolicony/tytuł [ ,0]
    • a
    • Tytuł ujednolicony/tytuł (NP)
    • Skrypty - Akademia Wychowania Fizycznego im. Eugeniusza Piaseckiego w Poznaniu
    • x
    • ISSN
    • 0137-9755
    • v
    • Oznaczenie tomu (NP)
    • nr 98
    • 9
    • KHW
    • 22069
504 -Uwaga dot. bibliogr. załącznikowej [ , ]
    • a
    • Uwaga dot. bibliografii załącznikowej
    • Bibliogr. s. 127.
080 -Uniwersalna Klasyfikacja Dziesiętna [ , ]
    • a
    • Symbol klasyfikacji
    • 796.332.015
    • 2
    • Identyfikator wydania tablic
    • UDC-P058
    • 9
    • UKD
    • 13970
    • b
    • Dopowiedzenie
    • Piłka nożna. - Trening, przygotowanie sportowe.
    • 4
    • UKD2
    • 7665
    • x
    • Poddział wspólny
    • (075.8)
    • c
    • Dopowiedzenie poddz. wspólnego
    • (Podręczniki dla szkół wyższych. Skrypty).
650 -Hasło przedmiotowe [ ,7]
    • a
    • Hasło przedmiotowe
    • Piłka nożna
    • x
    • Określnik rzeczowy
    • studia i nauczanie
    • v
    • Określnik formalny
    • podręczniki akademickie.
    • 2
    • Źródło terminu
    • kaba
    • 9
    • KHW
    • 434126
980 -Symbol UKD [ , ]
    • a
    • UKD
    • 796.322.015(075.8)
Data inwentaryzacji Sygnatura Status udost. Lokalizacja Numer inwentarzowy
1997-05-16 -3BGW.190162
1997-05-16W.190162-3BGW.190163
1997-05-16Z.894141BGZ.89414
1997-05-16 2BMWF.4969
1995-10-09Piłka nożna 021BMWF.4520
1997-05-16 -3BMWF.4970